China, India, and Japan (Record no. 1074612)

MARC details
000 -LEADER
fixed length control field 00837nam a2200301Ia 4500
003 - CONTROL NUMBER IDENTIFIER
control field OSt
005 - DATE AND TIME OF LATEST TRANSACTION
control field 20221006142525.0
008 - FIXED-LENGTH DATA ELEMENTS--GENERAL INFORMATION
fixed length control field 221006b |||||||| |||| 00| 0 eng d
037 ## - SOURCE OF ACQUISITION
Terms of availability Textual
040 ## - CATALOGING SOURCE
Original cataloging agency EASL
Transcribing agency EASL
Language of cataloging eng
041 ## - LANGUAGE CODE
Source of code eng
Language code of text/sound track or separate title eng
100 ## - MAIN ENTRY--PERSONAL NAME
Personal name MCNEILL William H Ed.
245 #0 - TITLE STATEMENT
Title China, India, and Japan
Remainder of title The middle period
260 ## - PUBLICATION, DISTRIBUTION, ETC.
Place of publication, distribution, etc. London
Name of publisher, distributor, etc. Oxford University
Date of publication, distribution, etc. 1971
300 ## - PHYSICAL DESCRIPTION
Extent 292p.
Dimensions cm.
490 ## - SERIES STATEMENT
Volume/sequential designation CEL
650 ## - SUBJECT ADDED ENTRY--TOPICAL TERM
Topical term or geographic name entry element China India Japan
9 (RLIN) 647877
650 ## - SUBJECT ADDED ENTRY--TOPICAL TERM
Topical term or geographic name entry element Middle period
9 (RLIN) 647878
650 ## - SUBJECT ADDED ENTRY--TOPICAL TERM
Topical term or geographic name entry element CEL
700 ## - ADDED ENTRY--PERSONAL NAME
Personal name SEDLAR Jean W Ed.
9 (RLIN) 647879
942 ## - ADDED ENTRY ELEMENTS (KOHA)
Classification part Y:1v41.J00, L1
Koha item type Textual
Source of classification or shelving scheme Colon Classification (CC)
Holdings
Withdrawn status Lost status Source of classification or shelving scheme Damaged status Not for loan Home library Current library Date acquired Serial Enumeration / chronology Total Checkouts Full call number Barcode Date last seen Price effective from Koha item type
    Colon Classification (CC)     Department of East Asian Studies Library Department of East Asian Studies Library 2022-10-06 CEL   Y:1v41.J00 L1 EAS009566 2022-10-06 2022-10-06 Textual
Copyright @ Delhi University Library System